Imperial Classes - Statistics

General Stats
  • This quiz has been taken 21 times
  • The average score is 10 of 30
Answer Stats
Answer % Correct
Incinerator Stormtrooper
100%
Stormtrooper
100%
Snowtrooper
75%
Sandtrooper
67%
Scout Trooper
67%
Death Star trooper
58%
Deathtrooper
50%
Tank Pilot
42%
TIE Fighter Pilot
42%
Darktrooper
33%
Imperial Flametrooper
33%
Imperial Shocktrooper
33%
Rocket Trooper
33%
Shoretrooper
33%
Fleet Trooper
25%
Officer
25%
Patrol Trooper
25%
Range Trooper
25%
Riot Trooper
25%
AT-AT Driver
8%
AT-DP driver
8%
AT-ST Driver
8%
Deck Technician
8%
Imperial Gunner
8%
Mudtrooper
8%
Purgetrooper
8%
Imperial Cadet
0%
Imperial Super Commandos
0%
ISB Agent
0%
Nordoxicon Unlimited Technician
0%
No matching quizzes found
Score Distribution
Percent of People with Each Score
Percentile by Number Answered
Your Score History
You have not taken this quiz